All Municipalities in Sweden on a Map - Statistics

General Stats
  • This quiz has been taken 102 times
  • The average score is 100 of 316
Answers on the Map
Answers color-coded by a green-red scale on the quiz's map according to % correct below.
 
Answer Stats
Län Answer % Correct
Skåne Malmö
84%
Norrbotten Luleå
80%
Stockholm Stockholm
80%
Västra Götaland Göteborg
76%
Kalmar Kalmar
72%
Östergötland Linköping
72%
Jämtland Östersund
72%
Uppsala Uppsala
72%
Gotland Gotland
68%
Jönköping Jönköping
68%
Värmland Karlstad
68%
Norrbotten Kiruna
68%
Skåne Lund
68%
Östergötland Norrköping
68%
Örebro Örebro
68%
Västerbotten Umeå
68%
Dalarna Borlänge
64%
Gävleborg Gävle
64%
Skåne Helsingborg
64%
Norrbotten Piteå
64%
Västernorrland Sundsvall
64%
Sölvesborg Växjö
64%
Västra Götaland Borås
60%
Dalarna Falun
60%
Halland Halmstad
60%
Västerbotten Skellefteå
60%
Stockholm Södertälje
60%
Stockholm Solna
60%
Uppsala Enköping
56%
Norrbotten Gällivare
56%
Blekinge Karlskrona
56%
Västmanland Västerås
56%
Skåne Ystad
56%
Norrbotten Boden
52%
Blekinge Karlshamn
52%
Västra Götaland Lidköping
52%
Södermanland Nyköping
52%
Skåne Trelleborg
52%
Västra Götaland Trollhättan
52%
Västernorrland Ånge
48%
Södermanland Eskilstuna
48%
Norrbotten Jokkmokk
48%
Örebro Karlskoga
48%
Västmanland Köping
48%
Skåne Kristianstad
48%
Stockholm Lidingö
48%
Dalarna Mora
48%
Östergötland Motala
48%
Västernorrland Örnsköldsvik
48%
Stockholm Täby
48%
Västra Götaland Alingsås
44%
Jämtland Åre
44%
Dalarna Avesta
44%
Skåne Eslöv
44%
Norrbotten Haparanda
44%
Gävleborg Hudiksvall
44%
Norrbotten Kalix
44%
Västra Götaland Mariestad
44%
Stockholm Norrtälje
44%
Gävleborg Sandviken
44%
Västra Götaland Skövde
44%
Västmanland Fagersta
40%
Halland Falkenberg
40%
Skåne Landskrona
40%
Norrbotten Överkalix
40%
Norrbotten Övertorneå
40%
Östergötland Söderköping
40%
Stockholm Sollentuna
40%
Stockholm Upplands Väsby
40%
Jönköping Värnamo
40%
Skåne Ängelholm
36%
Norrbotten Arvidsjaur
36%
Skåne Båstad
36%
Gävleborg Bollnäs
36%
Västra Götaland Falköping
36%
Västernorrland Härnösand
36%
Skåne Höör
36%
Skåne Hörby
36%
Stockholm Huddinge
36%
Västra Götaland Kungälv
36%
Halland Kungsbacka
36%
Västerbotten Lycksele
36%
Östergötland Mjölby
36%
Kalmar Nybro
36%
Norrbotten Pajala
36%
Västra Götaland Partille
36%
Västerbotten Sorsele
36%
Västra Götaland Strömstad
36%
Skåne Tomelilla
36%
Västra Götaland Uddevalla
36%
Halland Varberg
36%
Kalmar Vimmerby
36%
Norrbotten Arjeplog
32%
Värmland Arvika
32%
Västerbotten Åsele
32%
Jämtland Berg
32%
Örebro Degerfors
32%
Värmland Filipstad
32%
Värmland Hammarö
32%
Stockholm Järfälla
32%
Södermanland Katrineholm
32%
Dalarna Leksand
32%
Västra Götaland Mölndal
32%
Skåne Osby
32%
Kalmar Oskarshamn
32%
Blekinge Ronneby
32%
Skåne Skurup
32%
Västernorrland Sollefteå
32%
Skåne Svedala
32%
Västernorrland Timrå
32%
Stockholm Vallentuna
32%
Sölvesborg Älmhult
28%
Västra Götaland Åmål
28%
Västmanland Arboga
28%
Västerbotten Dorotea
28%
Stockholm Ekerö
28%
Örebro Hallsberg
28%
Stockholm Haninge
28%
Jämtland Härjedalen
28%
Västra Götaland Karlsborg
28%
Västernorrland Kramfors
28%
Värmland Kristinehamn
28%
Dalarna Malung-Sälen
28%
Västra Götaland Mark
28%
Stockholm Nacka
28%
Stockholm Nynäshamn
28%
Dalarna Orsa
28%
Skåne Sjöbo
28%
Västra Götaland Skara
28%
Västerbotten Storuman
28%
Stockholm Sundbyberg
28%
Värmland Torsby
28%
Stockholm Tyresö
28%
Kalmar Västervik
28%
Västerbotten Vilhelmina
28%
Västra Götaland Ale
24%
Dalarna Älvdalen
24%
Uppsala Älvkarleby
24%
Skåne Åstorp
24%
Västra Götaland Bollebygd
24%
Stockholm Botkyrka
24%
Jämtland Bräcke
24%
Skåne Burlöv
24%
Västra Götaland Dals-Ed
24%
Stockholm Danderyd
24%
Jönköping Eksjö
24%
Östergötland Finspång
24%
Södermanland Flen
24%
Västra Götaland Härryda
24%
Skåne Hässleholm
24%
Dalarna Hedemora
24%
Västra Götaland Herrljunga
24%
Västra Götaland Hjo
24%
Gävleborg Hofors
24%
Skåne Höganäs
24%
Kalmar Hultsfred
24%
Skåne Kävlinge
24%
Uppsala Knivsta
24%
Jämtland Krokom
24%
Örebro Kumla
24%
Halland Laholm
24%
Västra Götaland Lerum
24%
Gävleborg Ljusdal
24%
Skåne Lomma
24%
Dalarna Ludvika
24%
Västra Götaland Lysekil
24%
Sölvesborg Markaryd
24%
Västra Götaland Mellerud
24%
Jönköping Nässjö
24%
Örebro Nora
24%
Gävleborg Nordanstig
24%
Västerbotten Norsjö
24%
Västra Götaland Orust
24%
Jämtland Ragunda
24%
Dalarna Rättvik
24%
Västerbotten Robertsfors
24%
Värmland Säffle
24%
Västmanland Sala
24%
Stockholm Salem
24%
Stockholm Sigtuna
24%
Skåne Simrishamn
24%
Gävleborg Söderhamn
24%
Blekinge Sölvesborg
24%
Jämtland Strömsund
24%
Uppsala Tierp
24%
Västra Götaland Tjörn
24%
Västra Götaland Tranemo
24%
Västra Götaland Vänersborg
24%
Västerbotten Vännäs
24%
Västra Götaland Vara
24%
Stockholm Värmdö
24%
Sölvesborg Alvesta
20%
Norrbotten Älvsbyn
20%
Värmland Årjäng
20%
Örebro Askersund
20%
Östergötland Åtvidaberg
20%
Västra Götaland Bengtsfors
20%
Skåne Bjuv
20%
Kalmar Borgholm
20%
Östergötland Boxholm
20%
Skåne Bromölla
20%
Kalmar Emmaboda
20%
Västra Götaland Essunga
20%
Värmland Forshaga
20%
Jönköping Gislaved
20%
Jönköping Gnosjö
20%
Västra Götaland Götene
20%
Värmland Grums
20%
Västra Götaland Gullspång
20%
Jönköping Habo
20%
Uppsala Håbo
20%
Värmland Hagfors
20%
Västmanland Hallstahammar
20%
Halland Hylte
20%
Värmland Kil
20%
Östergötland Kinda
20%
Västmanland Kungsör
20%
Örebro Laxå
20%
Västra Götaland Lilla Edet
20%
Sölvesborg Ljungby
20%
Västerbotten Malå
20%
Kalmar Mönsterås
20%
Kalmar Mörbylånga
20%
Västra Götaland Munkedal
20%
Västmanland Norberg
20%
Västerbotten Nordmaling
20%
Stockholm Nykvarn
20%
Gävleborg Ockelbo
20%
Östergötland Ödeshög
20%
Blekinge Olofström
20%
Skåne Örkelljunga
20%
Stockholm Österåker
20%
Uppsala Östhammar
20%
Skåne Östra Göinge
20%
Gävleborg Ovanåker
20%
Skåne Perstorp
20%
Dalarna Säter
20%
Jönköping Sävsjö
20%
Skåne Staffanstorp
20%
Västra Götaland Stenungsund
20%
Södermanland Strängnäs
20%
Skåne Svalöv
20%
Västra Götaland Svenljunga
20%
Västra Götaland Tanum
20%
Västra Götaland Tibro
20%
Västra Götaland Töreboda
20%
Jönköping Tranås
20%
Södermanland Trosa
20%
Västra Götaland Ulricehamn
20%
Stockholm Upplands-Bro
20%
Sölvesborg Uppvidinge
20%
Östergötland Vadstena
20%
Jönköping Vaggeryd
20%
Östergötland Valdemarsvik
20%
Dalarna Vansbro
20%
Stockholm Vaxholm
20%
Skåne Vellinge
20%
Jönköping Vetlanda
20%
Västerbotten Vindeln
20%
Östergötland Ydre
20%
Jönköping Aneby
16%
Västerbotten Bjurholm
16%
Dalarna Gagnef
16%
Södermanland Gnesta
16%
Västra Götaland Grästorp
16%
Uppsala Heby
16%
Kalmar Högsby
16%
Skåne Klippan
16%
Sölvesborg Lessebo
16%
Örebro Lindesberg
16%
Jönköping Mullsjö
16%
Värmland Munkfors
16%
Västra Götaland Öckerö
16%
Södermanland Oxelösund
16%
Värmland Storfors
16%
Värmland Sunne
16%
Västmanland Surahammar
16%
Västra Götaland Tidaholm
16%
Kalmar Torsås
16%
Västra Götaland Vårgårda
16%
Södermanland Vingåker
16%
Värmland Eda
12%
Västra Götaland Färgelanda
12%
Örebro Hällefors
12%
Örebro Lekeberg
12%
Örebro Ljusnarsberg
12%
Västmanland Skinnskatteberg
12%
Dalarna Smedjebacken
12%
Västra Götaland Sotenäs
12%
Sölvesborg Tingsryd
8%
No matching quizzes found
Score Distribution
Percent of People with Each Score
Percentile by Number Answered
Your Score History
You have not taken this quiz